000 00748cab a2200265 4500
001 ABS50106
008 090401t1994 xxu||||| |||| 00| 0 eng d
035 _a(Sirsi) u74198
041 _aeng
100 _aBarnett, A.
245 _aMaking the best Friends
260 _c1994
350 _a0
490 _aEstates Gazette
_v(9408) 26 February 1994, 40-41(2)
520 _aTells of the way Friends` Provident has rebalanced its £1bn portfolio.
650 _aFRIENDS PROVIDENT
650 _aPORTFOLIOS
650 _aPROFILE
650 _aPROPERTY COMPANIES
650 _aPROPERTY INVESTMENT
690 _aPROPERTY-COMMERCIAL PROPERTY-COMMERCIAL PROPERTY FINANCE AND INVESTMENT
700 _h
942 _n0
948 _c04/03/1997
999 _c46836
_d46836